000
00210 a2200097 4500
001
14022
100
_a
Strode W.C
245
_a
Three plays A prologue
260
_a
London
_b
Heinemann
_c
090
_c
10979
_d
10979
942
_a
NUST-CAE
_c
M
_c
1090
999
_c
249095
_d
249095